| 000 | 00573nam a2200217 a 4500 | ||
|---|---|---|---|
| 001 | 59000 | ||
| 003 | BD-RjUL | ||
| 005 | 20211209080701.0 | ||
| 008 | 161220s1963 pk ||||| |||| 00| 0 eng d | ||
| 035 | _a(BD-RjUL)59124 | ||
| 040 |
_aBD-RjUL _beng _cBD-RjUL |
||
| 041 | _aeng | ||
| 082 |
_223 _a344.01 _bLAB 1963 |
||
| 245 |
_aLabour Law Cases / _bL.L.C. / _cM. Shafi |
||
| 260 |
_aKarachi : _bBureau of Labour Publications, _c1963. |
||
| 300 |
_aV. _c24 cm. |
||
| 505 | _aV. 6--, V. 10-- | ||
| 650 |
_aLabour Law _9175454 |
||
| 700 |
_aShafi, M. _9175455 |
||
| 942 |
_2ddc _cBK |
||
| 999 |
_c59000 _d59000 |
||